[Event "Athens Acropolis op"]
[Site "Athens"]
[Date "2003.08.26"]
[Round "2"]
[White "Kofidis, Andreas"]
[Black "Efstathiou, Damianos"]
[Result "1-0"]
[WhiteElo "2434"]
[BlackElo "2175"]
[PlyCount "87"]
[EventDate "2003.08.25"]
[EventType "swiss"]
[EventRounds "9"]
[EventCountry "GRE"]
[SourceTitle "EXT 2004"]
[Source "ChessBase"]
[SourceDate "2003.11.25"]
[SourceVersion "1"]
[SourceVersionDate "2003.11.25"]
[SourceQuality "1"]

1. e4 c5 2. Nf3 Nc6 3. d4 cxd4 4. Nxd4 Nf6 5. Nc3 d6 6. Nxc6 bxc6 7. Bd3 g6 8. b3 Bg7 9. Bb2 Qa5 10. 0-0 Ng4 11. Qe1 0-0 12. h3 Ne5 13. f4 Nxd3 14. cxd3 f5 15. Na4 Qxe1 16. Raxe1 fxe4 17. Bxg7 Kxg7 18. dxe4 Ba6 19. Rf3 g5 20. fxg5 Rxf3 21. gxf3 Kg6 22. h4 Kh5 23. Kf2 e5 24. Kg3 Rf8 25. Nc3 h6 26. Rd1 hxg5 27. hxg5 Rd8 28. f4 exf4+ 29. Kxf4 Rf8+ 30. Ke3 Rd8 31. e5 d5 32. Ne4 Kg6 33. Nd6 Bc8 34. Kd4 Be6 35. Rf1 Kxg5 36. Kc5 Rd7 37. Kxc6 Re7 38. Rf2 Kg4 39. Nb5 Kg3 40. Rf6 Bd7+ 41. Kd6 Bxb5 42. Kxe7 d4 43. Rd6 d3 44. a4 1-0

[Event "Nikaia op 11th"]
[Site "Nikaia"]
[Date "2003.08.21"]
[Round "6"]
[White "Dochev, Dimitar"]
[Black "Efstathiou, Damianos"]
[Result "1-0"]
[WhiteElo "2380"]
[BlackElo "2175"]
[PlyCount "85"]
[EventDate "2003.08.17"]
[EventType "swiss"]
[EventRounds "9"]
[EventCountry "GRE"]
[SourceTitle "EXT 2005"]
[Source "ChessBase"]
[SourceDate "2004.11.15"]
[SourceVersion "1"]
[SourceVersionDate "2004.11.15"]
[SourceQuality "1"]

1. e4 g6 2. d4 Bg7 3. Nc3 d6 4. Be3 a6 5. f4 b5 6. Be2 b4 7. Nd5 a5 8. Bf2 e6 9. Ne3 Ne7 10. Bf3 Bb7 11. e5 Qc8 12. Bh4 Bxf3 13. Qxf3 d5 14. Ne2 Nd7 15. g4 c5 16. Bxe7 Kxe7 17. f5 Ke8 18. c3 h5 19. fxe6 fxe6 20. gxh5 Qd8 21. hxg6 Qh4+ 22. Kd2 Rf8 23. Qg4 Qe7 24. Rhf1 bxc3+ 25. bxc3 cxd4 26. Rxf8+ Nxf8 27. Nxd4 Rc8 28. Rf1 Qa3 29. Rxf8+ Qxf8 30. Qxe6+ Kd8 31. Qb6+ Ke8 32. Qe6+ Kd8 33. Qxd5+ Ke8 34. Qe6+ Kd8 35. Nef5 Bh6+ 36. Kd3 Rxc3+ 37. Kxc3 Qb4+ 38. Kd3 Qd2+ 39. Kc4 Qxa2+ 40. Kb5 Qb1+ 41. Qb3 Qf1+ 42. Qc4 Qb1+ 43. Ka6 1-0

[Event "Pireus-ch"]
[Site "Athens"]
[Date "2001.12.08"]
[Round "5"]
[White "Efstathiou, Damianos"]
[Black "Paraskevaidis, Vasilios"]
[Result "1-0"]
[WhiteElo "2169"]
[BlackElo "2043"]
[PlyCount "103"]
[EventDate "2001.11.29"]
[EventType "swiss"]
[EventRounds "7"]
[EventCountry "GRE"]
[SourceTitle "EXT 2003"]
[Source "ChessBase"]
[SourceDate "2002.11.25"]
[SourceVersion "1"]
[SourceVersionDate "2002.11.25"]
[SourceQuality "1"]

1. d4 Nf6 2. c4 c5 3. d5 e6 4. Nc3 d6 5. e4 Be7 6. Nf3 0-0 7. h3 Nbd7 8. Bd3 e5 9. g4 h6 10. Be3 a6 11. Nd2 Nh7 12. Nf1 Bg5 13. Qd2 Ndf6 14. f3 Bh4+ 15. Kd1 Bd7 16. Qg2 b5 17. cxb5 axb5 18. Nxb5 Bxb5 19. Bxb5 Qa5 20. Qe2 Rfb8 21. Bc6 Ra7 22. Bd2 Qc7 23. Bc3 Nf8 24. Ne3 Bg5 25. Ng2 Ne6 26. dxe6 Qxc6 27. h4 Bf4 28. Nxf4 exf4 29. g5 Nh5 30. exf7+ Rxf7 31. Qc4 d5 32. exd5 Rd8 33. Kc2 Qxd5 34. Qxd5 Rxd5 35. gxh6 gxh6 36. Rhe1 Ng3 37. Re8+ Kh7 38. Rae1 Nf5 39. h5 Nd4+ 40. Bxd4 cxd4 41. R1e5 d3+ 42. Kd2 Rfd7 43. b4 Kg7 44. a4 Kf6 45. R8e6+ Kg7 46. b5 Rxe5 47. Rxe5 Kf6 48. Rc5 Ra7 49. Rc4 Kg5 50. b6 Re7 51. Rb4 Kxh5 52. b7 1-0

[Event "Pireus-ch"]
[Site "Athens"]
[Date "2001.12.05"]
[Round "4"]
[White "Alexakis, Dimitrios"]
[Black "Efstathiou, Damianos"]
[Result "1/2-1/2"]
[WhiteElo "2196"]
[BlackElo "2169"]
[PlyCount "43"]
[EventDate "2001.11.29"]
[EventType "swiss"]
[EventRounds "7"]
[EventCountry "GRE"]
[SourceTitle "EXT 2003"]
[Source "ChessBase"]
[SourceDate "2002.11.25"]
[SourceVersion "1"]
[SourceVersionDate "2002.11.25"]
[SourceQuality "1"]

1. e4 c5 2. Nf3 Nc6 3. d4 cxd4 4. Nxd4 Nf6 5. Nc3 d6 6. Bg5 e6 7. Qd2 a6 8. 0-0-0 h6 9. Be3 Bd7 10. f3 b5 11. g4 Ne5 12. Bd3 Rc8 13. Kb1 Qc7 14. h4 g6 15. g5 hxg5 16. hxg5 Nh5 17. Rhg1 Nc4 18. Bxc4 Qxc4 19. f4 b4 20. Nce2 a5 21. Rgf1 Be7 22. Rh1 1/2-1/2

[Event "Pireus-ch"]
[Site "Athens"]
[Date "2001.11.28"]
[Round "2"]
[White "Efstathiou, Damianos"]
[Black "Balaskas, Panayotis"]
[Result "1-0"]
[WhiteElo "2169"]
[BlackElo "2183"]
[PlyCount "87"]
[EventDate "2001.11.29"]
[EventType "swiss"]
[EventRounds "7"]
[EventCountry "GRE"]
[SourceTitle "EXT 2003"]
[Source "ChessBase"]
[SourceDate "2002.11.25"]
[SourceVersion "1"]
[SourceVersionDate "2002.11.25"]
[SourceQuality "1"]

1. d4 Nf6 2. c4 e6 3. Nf3 b6 4. g3 Bb7 5. Bg2 Bb4+ 6. Bd2 Bxd2+ 7. Nbxd2 Qe7 8. 0-0 a5 9. Qc2 Na6 10. e4 d6 11. e5 Nd7 12. Rfe1 dxe5 13. Nxe5 Bxg2 14. Kxg2 Nxe5 15. Rxe5 0-0-0 16. Nf3 Kb7 17. a3 c6 18. Rae1 Qf6 19. b4 axb4 20. axb4 Nxb4 21. Qb1 Na6 22. Qb3 Rd7 23. Rb1 Qd8 24. Re2 Qc7 25. Reb2 Rb8 26. Qa4 f6 27. d5 exd5 28. Nd4 Rc8 29. Ne6 b5 30. Nxc7 Nxc7 31. cxb5 cxb5 32. Qb4 Ra8 33. Rc2 Ra6 34. Rbc1 Rb6 35. Qf4 Re7 36. Qb4 Rd7 37. Qf4 Ne6 38. Qg4 g6 39. Qf3 Nd4 40. Qg4 Ne6 41. Qe2 b4 42. Rd2 b3 43. Qf3 Rbd6 44. Rxd5 1-0

[Event "Piraeus-ch"]
[Site "Piraeus"]
[Date "1999.12.01"]
[Round "4.9"]
[White "Paidoussis, Aristidis"]
[Black "Efstathiou, Damianos"]
[Result "0-1"]
[WhiteElo "2099"]
[BlackElo "2177"]
[PlyCount "66"]
[EventDate "1999.??.??"]
[EventType "swiss"]
[EventRounds "9"]
[EventCountry "GRE"]
[SourceTitle "EXT 2004"]
[Source "ChessBase"]
[SourceDate "2003.11.25"]
[SourceVersion "1"]
[SourceVersionDate "2003.11.25"]
[SourceQuality "1"]

1. c4 e6 2. Nf3 d5 3. e3 Nf6 4. b3 c5 5. Bb2 Nc6 6. cxd5 exd5 7. Bb5 Bd7 8. 0-0 Be7 9. d4 cxd4 10. Nxd4 0-0 11. Be2 Qb6 12. Nxc6 bxc6 13. Nc3 Rad8 14. Na4 Qa5 15. Rc1 Ne4 16. Bd3 f5 17. Qc2 Qb4 18. f3 Ng5 19. a3 Qh4 20. f4 Ne4 21. Bxe4 fxe4 22. Nc5 Bc8 23. b4 Rd6 24. Qf2 Qh5 25. Rc2 Rh6 26. h3 Rg6 27. f5 Rxf5 28. Qe2 Qxh3 29. Rxf5 Bxf5 30. Qf2 Bd6 31. Kf1 Qh1+ 32. Qg1 Qh5 33. Rf2 Qd1# 0-1

[Event "Piraeus-ch"]
[Site "Piraeus"]
[Date "1999.11.27"]
[Round "3.6"]
[White "Siamidis, Dimitrios"]
[Black "Efstathiou, Damianos"]
[Result "1-0"]
[WhiteElo "2155"]
[BlackElo "2177"]
[PlyCount "114"]
[EventDate "1999.??.??"]
[EventType "swiss"]
[EventRounds "9"]
[EventCountry "GRE"]
[SourceTitle "EXT 2004"]
[Source "ChessBase"]
[SourceDate "2003.11.25"]
[SourceVersion "1"]
[SourceVersionDate "2003.11.25"]
[SourceQuality "1"]

1. e4 d6 2. d4 Nf6 3. Nc3 g6 4. Be2 Bg7 5. g4 c5 6. g5 Nfd7 7. d5 h6 8. gxh6 Bxh6 9. Bxh6 Rxh6 10. h4 Qa5 11. Qd2 Rh8 12. h5 Nf6 13. h6 a6 14. a3 b5 15. Rh4 Nbd7 16. Nf3 Rb8 17. Ra2 Qc7 18. b4 Bb7 19. Rb2 Rc8 20. Nd1 cxb4 21. axb4 Nb6 22. Nd4 Nc4 23. Bxc4 Qxc4 24. c3 Kd7 25. Rc2 Qc7 26. Ne3 g5 27. Rh2 Rcg8 28. Qd3 Rg6 29. c4 Rhxh6 30. Rxh6 Rxh6 31. cxb5 Rh1+ 32. Ke2 Qb6 33. Nc4 Qd8 34. b6 Qh8 35. Ne3 Qh5+ 36. Kd2 Qh4 37. Rc7+ Ke8 38. Rxe7+ Kf8 39. Ndf5 Qxf2+ 40. Qe2 Qg1 41. Qd1 Qf2+ 42. Qe2 Qg1 43. Kd3 Nh5 44. Qb2 Nf4+ 45. Kc3 Qc1+ 46. Qxc1 Rxc1+ 47. Kb3 Bc8 48. b7 Bxb7 49. Rxb7 Kg8 50. Nxd6 Ne2 51. Nef5 g4 52. Nh6+ Kg7 53. Nxg4 Nd4+ 54. Kb2 Rc2+ 55. Kb1 Rg2 56. Rxf7+ Kg6 57. Ne5+ Kh5 1-0

[Event "Piraeus-ch 34th"]
[Site "Piraeus"]
[Date "1999.??.??"]
[Round "?"]
[White "Efstathiou, Damianos"]
[Black "Karagiannis, Athanasios"]
[Result "0-1"]
[WhiteElo "2145"]
[BlackElo "2349"]
[PlyCount "120"]
[EventDate "1999.??.??"]
[EventType "swiss"]
[EventRounds "9"]
[EventCountry "GRE"]
[SourceTitle "EXT 2004"]
[Source "ChessBase"]
[SourceDate "2003.11.25"]
[SourceVersion "1"]
[SourceVersionDate "2003.11.25"]
[SourceQuality "1"]

1. e4 Nf6 2. e5 Nd5 3. d4 d6 4. Nf3 Bg4 5. Be2 c6 6. c4 Nb6 7. exd6 exd6 8. Nbd2 Be7 9. 0-0 0-0 10. b3 Re8 11. Qc2 Bh5 12. Bd3 Bg6 13. Bxg6 hxg6 14. Re1 N8d7 15. a4 a6 16. a5 Nc8 17. Ba3 Qxa5 18. Bxd6 Qh5 19. Bc7 Nf6 20. Re5 Qg4 21. Rae1 Qd7 22. Ba5 Nd6 23. h3 Nf5 24. g4 Nxd4 25. Nxd4 Qxd4 26. Rxe7 Rxe7 27. Rxe7 Qa1+ 28. Kg2 Qxa5 29. Rxb7 Re8 30. Nf3 Qd8 31. Ng5 Re7 32. Rxe7 Qxe7 33. Nf3 c5 34. Qd3 Qc7 35. Qe3 Qc6 36. Kf1 Nh7 37. Kg1 Nf8 38. Ne5 Qc7 39. Nd3 Ne6 40. f4 Qd6 41. Kf2 a5 42. Qe4 Qb8 43. Ne5 Qxb3 44. Qa8+ Kh7 45. Nxf7 Qc2+ 46. Kg3 Qc3+ 47. Kf2 Qd2+ 48. Kg1 Qe1+ 49. Kg2 Nxf4+ 50. Kh2 Qf2+ 51. Kh1 Qf1+ 52. Kh2 Qxh3+ 53. Kg1 Qxg4+ 54. Kh2 Qh4+ 55. Kg1 Nh3+ 56. Kg2 Nf4+ 57. Kf1 Qh3+ 58. Kf2 Qh2+ 59. Ke3 Qg3+ 60. Kd2 Qd3+ 0-1

[Event "GRE-chT"]
[Site "Athens"]
[Date "1997.??.??"]
[Round "3"]
[White "Grivas, Efstratios"]
[Black "Efstathiou, Damianos"]
[Result "1-0"]
[WhiteElo "2510"]
[BlackElo "2220"]
[PlyCount "71"]
[EventDate "1997.??.??"]
[EventType "team-swiss"]
[EventRounds "9"]
[EventCountry "GRE"]
[SourceTitle "EXT 2002"]
[Source "ChessBase"]
[SourceDate "2001.11.25"]
[SourceVersion "1"]
[SourceVersionDate "2001.11.25"]
[SourceQuality "1"]

1. d4 d6 2. Nf3 Bg4 3. e4 Nf6 4. h3 Bh5 5. Qe2 c6 6. Nc3 e6 7. Bg5 Be7 8. g4 Bg6 9. Bxf6 Bxf6 10. h4 h6 11. 0-0-0 Nd7 12. Qe3 Qa5 13. Bd3 0-0-0 14. Kb1 c5 15. Nb5 cxd4 16. Nfxd4 Qb6 17. g5 hxg5 18. hxg5 Be7 19. Rxh8 Rxh8 20. Be2 Kb8 21. Nc3 Qc5 22. f4 e5 23. fxe5 dxe5 24. Qg3 Nb6 25. Nb3 Qc8 26. Bg4 Qc6 27. Qxe5+ Qc7 28. Qxg7 Rd8 29. Rxd8+ Qxd8 30. Bf5 Bh5 31. Qe5+ Qc7 32. Qh8+ Qd8 33. Qxh5 Nc4 34. Qe2 Qb6 35. Qxc4 Qg1+ 36. Nc1 1-0

[Event "Kavala op"]
[Site "Kavala"]
[Date "1991.??.??"]
[Round "?"]
[White "Efstathiou, Damianos"]
[Black "Grivas, Efstratios"]
[Result "1/2-1/2"]
[WhiteElo "2260"]
[BlackElo "2425"]
[PlyCount "156"]
[EventDate "1991.??.??"]
[EventType "swiss"]
[EventRounds "9"]
[EventCountry "GRE"]
[SourceTitle "EXT 2003"]
[Source "ChessBase"]
[SourceDate "2002.11.25"]
[SourceVersion "1"]
[SourceVersionDate "2002.11.25"]
[SourceQuality "1"]

1. e4 c5 2. Nf3 Nc6 3. d4 cxd4 4. Nxd4 Qb6 5. Nb3 Nf6 6. Nc3 e6 7. Be3 Qc7 8. Bd3 Bb4 9. 0-0 Bxc3 10. bxc3 d6 11. Bg5 Nd7 12. Nd4 Nxd4 13. cxd4 e5 14. Qh5 0-0 15. f4 f6 16. Bh4 Rf7 17. Qe2 Kh8 18. fxe5 dxe5 19. d5 Nc5 20. Rad1 Bd7 21. Bc4 Qd6 22. Bb3 Be8 23. c4 Rc8 24. Rc1 Rfc7 25. Bc2 b6 26. Bb1 Nb7 27. Bd3 Bg6 28. Be1 Qc5+ 29. Bf2 Qa3 30. Rb1 Be8 31. h3 Nd6 32. Rb3 Qa4 33. Rfb1 Qd7 34. Rb4 Bg6 35. Kh2 Qe7 36. g4 h6 37. Kg3 Be8 38. Kh2 Nb7 39. Bg1 Nc5 40. Bf2 Qd6 41. Be1 Rd8 42. R4b2 Qd7 43. Bc2 Qc8 44. Rc1 g5 45. Qf3 Kg7 46. h4 Bd7 47. Bd1 Ba4 48. Bxa4 Nxa4 49. Rf2 Rf8 50. Bb4 Rff7 51. h5 Nc5 52. Bxc5 Rxc5 53. Rfc2 b5 54. Qf5 Qxf5 55. gxf5 b4 56. Kg3 Rfc7 57. Kf2 Kf7 58. Ke3 Ke7 59. Kd3 Kd6 60. Rb1 a5 61. a4 Rg7 62. Rg2 Rc8 63. Rc1 Rb7 64. Rb2 Kc5 65. Kc2 g4 66. Kb3 g3 67. Rd2 Kd6 68. Rg2 Rg7 69. Rcg1 Rg4 70. Rxg3 Rxe4 71. Rc1 Rf4 72. Rg7 Rf3+ 73. Kb2 Rf2+ 74. Kb3 Ra8 75. Rb7 Rf3+ 76. Kb2 Rf2+ 77. Kb3 Rf3+ 78. Kb2 Rf2+ 1/2-1/2

[Event "Athens op"]
[Site "Athens"]
[Date "1989.??.??"]
[Round "?"]
[White "Alexakis, Dimitrios"]
[Black "Efstathiou, Damianos"]
[Result "0-1"]
[WhiteElo "2225"]
[BlackElo "2235"]
[PlyCount "98"]
[EventDate "1989.??.??"]
[EventType "swiss"]
[EventRounds "9"]
[EventCountry "GRE"]
[SourceTitle "EXT 1997"]
[Source "ChessBase"]
[SourceDate "1996.11.15"]
[SourceVersion "1"]
[SourceVersionDate "1996.11.15"]
[SourceQuality "1"]

1. e4 c5 2. Nf3 d6 3. d4 cxd4 4. Qxd4 Nc6 5. Bb5 Bd7 6. Bxc6 Bxc6 7. c4 Nf6 8. Nc3 e6 9. 0-0 Be7 10. Bg5 0-0 11. Rfe1 Qd7 12. Rad1 Rfd8 13. Qd2 a6 14. Qe2 Qc7 15. Nd4 Rac8 16. Rc1 h6 17. Bh4 Be8 18. b3 Qa5 19. f4 b5 20. f5 d5 21. exd5 Qb6 22. Bf2 Bc5 23. Rcd1 exd5 24. b4 Bxb4 25. Nxd5 Nxd5 26. cxd5 Bxe1 27. Rxe1 Qd6 28. Qg4 Qxd5 29. f6 Qg5 30. Qxg5 hxg5 31. Nf5 gxf6 32. Ne7+ Kg7 33. Nxc8 Rxc8 34. Bd4 Kg6 35. g4 Bd7 36. h3 f5 37. gxf5+ Bxf5 38. Kh2 Rc2+ 39. Kg3 Rxa2 40. Re8 Ra3+ 41. Kf2 Rxh3 42. Rg8+ Kh5 43. Bf6 Bg6 44. Ra8 Ra3 45. Be7 Ra2+ 46. Kf3 Bh7 47. Rd8 Ra4 48. Rd6 Be4+ 49. Kg3 Ra2 0-1

[Event "Athens op"]
[Site "Athens"]
[Date "1989.??.??"]
[Round "?"]
[White "Efstathiou, Damianos"]
[Black "Karagiannis, Athanasios"]
[Result "1-0"]
[WhiteElo "2235"]
[BlackElo "2210"]
[PlyCount "46"]
[EventDate "1989.??.??"]
[EventType "swiss"]
[EventRounds "9"]
[EventCountry "GRE"]
[SourceTitle "EXT 1997"]
[Source "ChessBase"]
[SourceDate "1996.11.15"]
[SourceVersion "1"]
[SourceVersionDate "1996.11.15"]
[SourceQuality "1"]

1. e4 Nf6 2. e5 Nd5 3. d4 d6 4. Nf3 Bg4 5. Be2 c6 6. Ng5 Bxe2 7. Qxe2 dxe5 8. dxe5 e6 9. 0-0 Be7 10. Ne4 Qc7 11. f4 Nd7 12. c4 N5b6 13. Be3 Na4 14. Rd1 0-0 15. b3 Nac5 16. Nbc3 b6 17. Nd6 f6 18. Rd2 Rad8 19. Rad1 Nb7 20. b4 g6 21. c5 bxc5 22. Qc4 cxb4 23. Ncb5 Qa5 1-0

[Event "Athens op"]
[Site "Athens"]
[Date "1989.??.??"]
[Round "?"]
[White "Efstathiou, Damianos"]
[Black "Keitlinghaus, Ludger"]
[Result "0-1"]
[WhiteElo "2235"]
[BlackElo "2410"]
[PlyCount "92"]
[EventDate "1989.??.??"]
[EventType "swiss"]
[EventRounds "9"]
[EventCountry "GRE"]
[SourceTitle "EXT 1997"]
[Source "ChessBase"]
[SourceDate "1996.11.15"]
[SourceVersion "1"]
[SourceVersionDate "1996.11.15"]
[SourceQuality "1"]

1. e4 e6 2. d4 d5 3. Nc3 Nf6 4. Bg5 dxe4 5. Nxe4 Be7 6. Bxf6 gxf6 7. Nf3 f5 8. Ng3 c5 9. Qd2 Nc6 10. Bb5 Qb6 11. Bxc6+ bxc6 12. dxc5 Bxc5 13. 0-0 Ba6 14. c4 Qb4 15. Qg5 Be7 16. Qg7 0-0-0 17. b3 Rhf8 18. Rad1 Qb6 19. Rxd8+ Qxd8 20. Qxh7 Bf6 21. Qh6 Bb7 22. Qe3 Qb6 23. c5 Qb4 24. Nh5 Be7 25. Rc1 Rd8 26. h3 Rd5 27. Rc4 Qa3 28. Nf4 Rxc5 29. Rxc5 Bxc5 30. Qd2 Bb4 31. Qc2 Qa5 32. Nd3 Bd6 33. Nd2 Qd5 34. Nc4 Bc7 35. Ne3 Qd6 36. Kf1 Qh2 37. Nc5 f4 38. Nc4 Qh1+ 39. Ke2 Qxg2 40. Qh7 f3+ 41. Kd3 Qf1+ 42. Kc3 Qe1+ 43. Kc2 Qxf2+ 44. Kb1 Qxc5 45. Qg8+ Bd8 46. Qg3 f2 0-1

[Event "Athens op"]
[Site "Athens"]
[Date "1989.??.??"]
[Round "?"]
[White "Efstathiou, Damianos"]
[Black "Spiridonov, Nikola"]
[Result "0-1"]
[WhiteElo "2235"]
[BlackElo "2390"]
[PlyCount "104"]
[EventDate "1989.??.??"]
[EventType "swiss"]
[EventRounds "9"]
[EventCountry "GRE"]
[SourceTitle "EXT 1997"]
[Source "ChessBase"]
[SourceDate "1996.11.15"]
[SourceVersion "1"]
[SourceVersionDate "1996.11.15"]
[SourceQuality "1"]

1. e4 c5 2. Nf3 Nc6 3. d4 cxd4 4. Nxd4 g6 5. c4 Nf6 6. Nc3 d6 7. Be2 Bg7 8. Be3 0-0 9. Nc2 Nd7 10. Qd2 Nc5 11. f3 a5 12. Rd1 a4 13. Bxc5 dxc5 14. Qxd8 Nxd8 15. Nd5 Nc6 16. Rb1 e6 17. Nc7 Rb8 18. f4 Bd7 19. g4 Nb4 20. Nxb4 cxb4 21. Bd3 Rfd8 22. Ke2 Bc6 23. Rhd1 g5 24. fxg5 Be5 25. Nb5 Bxh2 26. Na7 Be8 27. Rh1 Bf4 28. e5 Ra8 29. Nb5 Bxe5 30. Bxh7+ Kg7 31. Bd3 Bc6 32. Rh7+ Kg8 33. Rh5 Rd7 34. g6 f6 35. Rh7 Rad8 36. Rxd7 Rxd7 37. Na7 Bf3+ 38. Kxf3 Rxd3+ 39. Ke2 Rg3 40. Rd1 Rxg4 41. Rd8+ Kg7 42. Rd7+ Kxg6 43. Rxb7 Rxc4 44. Kd3 Rd4+ 45. Ke3 Rh4 46. Nc6 Rh3+ 47. Kf2 Rh2+ 48. Kf3 Bd6 49. Nd4 Rxb2 50. Nxe6 Rxa2 51. Rd7 Be5 52. Nf8+ Kf5 0-1

[Event "Athens op"]
[Site "Athens"]
[Date "1989.??.??"]
[Round "?"]
[White "Kotronias, Vasilios"]
[Black "Efstathiou, Damianos"]
[Result "1-0"]
[WhiteElo "2505"]
[BlackElo "2235"]
[PlyCount "63"]
[EventDate "1989.??.??"]
[EventType "swiss"]
[EventRounds "9"]
[EventCountry "GRE"]
[SourceTitle "EXT 1997"]
[Source "ChessBase"]
[SourceDate "1996.11.15"]
[SourceVersion "1"]
[SourceVersionDate "1996.11.15"]
[SourceQuality "1"]

1. e4 c5 2. Nf3 d6 3. d4 cxd4 4. Nxd4 Nf6 5. Nc3 Nc6 6. Be2 e5 7. Nf3 h6 8. 0-0 Be7 9. Re1 0-0 10. h3 Re8 11. Bf1 Bf8 12. b3 a6 13. Bb2 b5 14. Qd2 Bb7 15. a4 b4 16. Nd5 Nxd5 17. exd5 Na5 18. Re4 Rc8 19. Rxb4 Rc5 20. Rxb7 Nxb7 21. b4 Rc7 22. Bxa6 e4 23. Nd4 e3 24. fxe3 Qg5 25. Bd3 g6 26. Nc6 Qxd5 27. Qc3 Re5 28. b5 Qc5 29. Qxc5 Rxc5 30. a5 Rc8 31. a6 Nd8 32. a7 1-0

[Event "GRE-chT"]
[Site "Athens"]
[Date "1987.??.??"]
[Round "?"]
[White "Skalkotas, Nikolaos"]
[Black "Efstathiou, Damianos"]
[Result "1-0"]
[WhiteElo "2325"]
[BlackElo "2215"]
[PlyCount "59"]
[EventDate "1987.??.??"]
[EventType "team-tourn"]
[EventRounds "11"]
[EventCountry "GRE"]
[SourceTitle "EXT 2004"]
[Source "ChessBase"]
[SourceDate "2003.11.25"]
[SourceVersion "1"]
[SourceVersionDate "2003.11.25"]
[SourceQuality "1"]

1. e4 e5 2. Nc3 Nf6 3. g3 Bc5 4. Bg2 a6 5. Nf3 d6 6. d4 exd4 7. Nxd4 0-0 8. h3 Nc6 9. Be3 Nxd4 10. Bxd4 Bxd4 11. Qxd4 Bd7 12. 0-0 Bc6 13. Rfe1 Re8 14. Re3 Nd7 15. Rae1 Nf8 16. Nd5 Bxd5 17. exd5 Rxe3 18. Rxe3 Nd7 19. Qc3 h6 20. b4 Nf6 21. Qd2 Qd7 22. c4 Re8 23. c5 Rxe3 24. c6 bxc6 25. dxc6 Qf5 26. Qxe3 Qb1+ 27. Bf1 Qxb4 28. Qe7 Qa5 29. Qd8+ Kh7 30. Bd3+ 1-0

[Event "Piraeus Memorial"]
[Site "Greece"]
[Date "1986.??.??"]
[Round "9"]
[White "Efstathiou, Damianos"]
[Black "Mendrinos, Nikolaos"]
[Result "0-1"]
[WhiteElo "2220"]
[BlackElo "2230"]
[PlyCount "72"]
[EventDate "1986.??.??"]
[EventType "swiss"]
[EventRounds "9"]
[EventCountry "GRE"]
[SourceTitle "EXT 2002"]
[Source "ChessBase"]
[SourceDate "2001.11.25"]
[SourceVersion "1"]
[SourceVersionDate "2001.11.25"]
[SourceQuality "1"]

1. Nf3 d5 2. g3 c6 3. Bg2 e6 4. b3 Bd6 5. Bb2 Nf6 6. 0-0 Nbd7 7. d3 Qc7 8. Nbd2 b5 9. c4 0-0 10. Nd4 Qb6 11. Rc1 bxc4 12. dxc4 Bb7 13. e3 Rfc8 14. Qc2 a5 15. a4 Ba6 16. Rfd1 Rab8 17. h3 Nc5 18. Ba3 Nfd7 19. N4f3 Bf8 20. Rb1 Ne4 21. Bxf8 Nxd2 22. Bxg7 Nxf3+ 23. Bxf3 Kxg7 24. Rd4 Ne5 25. Bg2 c5 26. Rh4 Ng6 27. Rg4 Bxc4 28. h4 h5 29. Rg5 Bxb3 30. Qc3+ f6 31. Rxh5 Qb4 32. Qc1 Qc4 33. Qe1 Qb4 34. Qc1 Qc4 35. Qb2 Qc2 36. Qa1 Qa2 0-1